| 000 | 01248nas a2200361 4500 | ||
|---|---|---|---|
| 001 | BR2013000607 | ||
| 003 | BR-BrBNA | ||
| 005 | 20231205121825.0 | ||
| 007 | ta | ||
| 008 | 230509b bl.|||p| |||| 00| 00por d | ||
| 040 |
_aBR-BrBNA _bpor _cBiblioteca Nacional de Agricultura |
||
| 041 | _a(Pt) | ||
| 072 | _aL73; L10 | ||
| 100 | 1 | _aCosta, M.M. da | |
| 100 | 1 | _aSilva, M.S. e | |
| 100 | 1 | _aSpricigo, D.A. | |
| 100 | 1 | _aWitt, N.M. | |
| 100 | 1 | _aMarchioro, S.B. | |
| 100 | 1 | _aKolling, L. | |
| 100 | 1 | _aVargas, A.P.C. de | |
| 245 | 1 | _aCaracterização epidemiológica, molecular a perfil de resistência aos antimicrobianos de Escherichia coli isoladas de criatórios suínos do sul do Brazil | |
| 246 | 1 | _aEpidemiology, molecular characterization and resistance to antimicrobials of Escherichia coli isolated from south-brazilian pig herds | |
| 650 | _aSUÍNO | ||
| 650 | _aBACTÉRIA PATOGÊNICA | ||
| 650 | _aDOENÇA ANIMAL | ||
| 650 | _aESCHERICHIA COLI | ||
| 650 | _aEPIDEMIA | ||
| 650 | _aRESISTÊNCIA | ||
| 650 | _aGENÓTIPO | ||
| 773 | 0 |
_tPesquisa Veterinária Brasileira (Brazil) _xISSN 0100-736X _g(Jan-Mar 2006), v. 26(1) p. 5-8 _wBR2013000607 |
|
| 909 |
_a202311 _bLúcia _c55 _dLúcia Elande |
||
| 942 |
_2AGRIS _n0 _cANA |
||
| 999 |
_c225426 _d225426 |
||